Handbook of separation techniques for chemical engineers (Record no. 35352)

MARC details
000 -LEADER
fixed length control field 00313nam a2200109Ia 4500
082 ## - DEWEY DECIMAL CLASSIFICATION NUMBER
Classification number 66.06(035)
Item number SCH
245 #0 - TITLE STATEMENT
Title Handbook of separation techniques for chemical engineers
260 ## - PUBLICATION, DISTRIBUTION, ETC. (IMPRINT)
Place of publication New York
Name of publisher McGraw Hill
Year of publication 1979
700 ## - ADDED ENTRY--PERSONAL NAME
Personal name Schweitzer, Philip A
942 ## - ADDED ENTRY ELEMENTS (KOHA)
Koha item type Books
Holdings
Withdrawn status Lost status Damaged status Not for loan Home library Current library Date acquired Cost, normal purchase price Full call number Accession Number Koha item type
        RRII Library RRII Library 16/12/2021 51.00 66.06(035) SCH 15778 Books